Australian Cities by Satellite Photo - Statistics

General Stats
  • This quiz has been taken 661 times
  • The average score is 9 of 14
Answer Stats
Picture Answer % Correct
Sydney
94%
Melbourne
88%
Perth
88%
Brisbane
84%
Gold Coast
80%
Canberra
77%
Adelaide
66%
Darwin
64%
Hobart
59%
Newcastle
53%
Cairns
49%
Wollongong
36%
Geelong
31%
Launceston
17%
No matching quizzes found
Score Distribution
Percent of People with Each Score
Percentile by Number Answered
Your Score History
You have not taken this quiz